000 00835nas a2200265 4500
001 BR2011001308
003 BR-BrBNA
005 20231205114504.0
007 ta
008 230509b bl.|||p| |||| 00| 00por d
040 _aBR-BrBNA
_bpor
_cBiblioteca Nacional de Agricultura
041 _a(Pt)
072 _aP33
100 1 _aSilva, A.R.
100 1 _aDias Júnior, M. de S.
100 1 _aLeite, F.P.
245 1 _aPropriedades físicas e mecânicas de latossolos em diferentes manejos florestais
650 _aLATOSSOLO
650 _aPROPRIEDADE FÍSICO-QUÍMICA
650 _aCOMPACTAÇÃO DO SOLO
650 _aMANEJO FLORESTAL
773 0 _tCiência e Agrotecnologia (Brazil)
_xISSN 1413-7054
_g(Nov-Dec 2010), v. 34(6) p. 1483-1491
_wBR2011001308
909 _a202311
_bLúcia
_c55
_dLúcia Elande
942 _2AGRIS
_n0
_cANA
999 _c209002
_d209002